Designing with FPGAs and CPLDs
Saved in:
| Main Author: | |
|---|---|
| Format: | Book |
| Language: | English |
| Published: |
Lawrence :
CMP Books,
2002
|
| Subjects: | |
| Tags: |
No Tags, Be the first to tag this record!
|
MARC
| LEADER | 00000nam a22000003a 4500 | ||
|---|---|---|---|
| 001 | stu145655 | ||
| 005 | 20150617225952.8 | ||
| 008 | 070920s2002----xxu-----------------eng-d | ||
| 020 | |a 1-57820-112-8 | ||
| 040 | |a STU |b slo | ||
| 041 | 0 | |a eng | |
| 044 | |a xxu | ||
| 080 | |a 004.42 | ||
| 100 | 1 | |a Zeidman, Bob |4 aut | |
| 245 | 1 | |a Designing with FPGAs and CPLDs | |
| 260 | |a Lawrence : |b CMP Books, |c 2002 | ||
| 300 | |a 220 s | ||
| 650 | 7 | |a FPGAs |2 stusub | |
| 650 | 7 | |a CPLDs |2 stusub | |
| 650 | 7 | |a projektovanie |2 stusub | |
| 650 | 7 | |a programovanie |2 stusub | |
| 996 | |b 284EK86909 |c E*86909 |l EE11 |s P |a 0 |w stu145655_0001 | ||